Entry Nombre personal
001 - NÚMERO DE CONTROL
- campo de control: 156003
003 - IDENTIFICADOR DE NÚMERO DE CONTROL
- campo de control: SpMaBN
005 - FECHA Y HORA DE LA ÚLTIMA TRANSACCIÓN
- campo de control: 20230619134616.0
008 - ELEMENTOS DE DATO DE LONGITUD-FIJA
- campo de control de longitud fija: 910101nn ainnnaabn a aaa
016 ## - NÚMERO DE CONTROL DE UNA AGENCIA BIBLIOGRÁFICA NACIONAL
- Número de control del registro: BNE19960813035
024 7# - IDENTIFICADOR DE OTROS ESTÁNDARES
- Número estándar o código: http://viaf.org/viaf/95296958/
- Fuente: viaf
024 7# - IDENTIFICADOR DE OTROS ESTÁNDARES
- Número estándar o código: https://isni.org/isni/0000000121442420
- Fuente: isni
024 7# - IDENTIFICADOR DE OTROS ESTÁNDARES
- Número estándar o código: http://www.wikidata.org/entity/Q367330
- Fuente: wikidata
040 ## - FUENTE DE CATALOGACIÓN
- Centro catalogador/agencia de origen: SpMaBN
- Lengua de catalogación: spa
- Centro/agencia transcriptor: SpMaBN
- Normas de descripción: rdc
- Convención/Normas de encabezamiento de materia/tesauro: embne
- Centro/agencia modificador: ES-MaACL
100 1# - ENCABEZAMIENTO-NOMBRE DE PERSONA
- Nombre de persona: Ibn Ḥawqal, Muḥammad ibn ʻAlī,
370 ## - LUGAR ASOCIADO
- Lugar de nacimiento: Nísibis
- Fuente de información: Wikidata
374 ## - OCUPACIÓN
- Ocupación: Escritores
- Ocupación: Geógrafos
- Ocupación: Comerciantes
- Fuente de información: Wikidata
375 ## - GÉNERO/SEXO
- Género: Masculino
- Fuente de información: Wikidata
377 ## - IDIOMA ASOCIADO
- Término de lengua/lenguaje: Árabe
400 1# - TRAZADO DE VÉASE--NOMBRE DE PERSONA
- Nombre de persona: Ibn Hawqal, Muhammad,
400 1# - TRAZADO DE VÉASE--NOMBRE DE PERSONA
- Nombre de persona: Ibn Hawqal,
400 1# - TRAZADO DE VÉASE--NOMBRE DE PERSONA
- Nombre de persona: Ibn Ḥawqal, Muḥammad ibn ʻAlī al-Naṣībī Abū al-Qāsim,
400 1# - TRAZADO DE VÉASE--NOMBRE DE PERSONA
- Nombre de persona: ابن حوقل, محمّد بن علي أبو القاسم,
400 1# - TRAZADO DE VÉASE--NOMBRE DE PERSONA
- Nombre de persona: Ibn-Ḥauqal, Abu-'l-Qāsim Ibn-ʻAlī,
400 0# - TRAZADO DE VÉASE--NOMBRE DE PERSONA
- Nombre de persona: Muḥammad Ibn-Ḥauqal, Abu-'l-Qāsim,
670 ## - FUENTE DE DATOS ENCONTRADOS
- Cita de la fuente: WWW Wikipedia, 17-11-2016;
- Información encontrada: (Ibn Hawqal; Muḥammad Abū’l-Qāsim Ibn Ḥawqa geógrafo, escritor y cronista musulmán del s. X)
- Identificador Uniforme de Recursos: https://es.wikipedia.org/wiki/Ibn_Hawqal
670 ## - FUENTE DE DATOS ENCONTRADOS
- Cita de la fuente: WWW AECID Bib. Islámica, 17-11-2016;
- Información encontrada: (Ibn Ḥawqal, Muḥammad ibn ʻAlī)
670 ## - FUENTE DE DATOS ENCONTRADOS
- Cita de la fuente: WWW CSIC autoridades, 17-11-2016;
- Información encontrada: (Ibn Hawqal, Muhammad)
670 ## - FUENTE DE DATOS ENCONTRADOS
- Cita de la fuente: WWW BnF aut., 17-11-2016;
- Información encontrada: (Ibn Ḥawqal, Muḥammad ibn ʻAlī al-Naṣībī Abū al-Qāsim)
- Identificador Uniforme de Recursos: http://catalogue.bnf.fr/ark:/12148/cb120885728
670 ## - FUENTE DE DATOS ENCONTRADOS
- Información encontrada: (Ibn Ḥawqal, Muḥammad ibn ʻAlī)
955 ## - CATALOGADOR - EDICIÓN
- Nombre del catalogador: Julia Mas Vieira
